Fundamentos de la historia de la música / (Record no. 60548)

MARC details
000 -LEADER
fixed length control field 00667cam a2200229 4500
005 - DATE AND TIME OF LATEST TRANSACTION
control field 20150803173050.0
008 - FIXED-LENGTH DATA ELEMENTS--GENERAL INFORMATION
fixed length control field 1997 spa
020 ## - INTERNATIONAL STANDARD BOOK NUMBER
International Standard Book Number 84-7432-620-6
050 04 - LIBRARY OF CONGRESS CALL NUMBER
Classification number ML3797
Item number D35 2003
100 1# - MAIN ENTRY--PERSONAL NAME
Personal name Dahlhaus, Carl
245 #0 - TITLE STATEMENT
Title Fundamentos de la historia de la música /
Statement of responsibility, etc por Carl Dahlhaus.
250 ## - EDITION STATEMENT
Edition statement Primera reimpresión: 2003
260 ## - PUBLICATION, DISTRIBUTION, ETC. (IMPRINT)
Place of publication, distribution, etc Barcelona, España :
Name of publisher, distributor, etc Gedisa,
Date of publication, distribution, etc 2003.
300 ## - PHYSICAL DESCRIPTION
Extent 205 p. ;
Dimensions 22 cm.
440 ## - SERIES STATEMENT/ADDED ENTRY--TITLE
Title Cla-de-ma
490 ## - SERIES STATEMENT
Series statement Música/Historia
500 ## - GENERAL NOTE
General note 1 ejem.
500 ## - GENERAL NOTE
General note Rec. Prop. Esc.
504 ## - BIBLIOGRAPHY, ETC. NOTE
Bibliography, etc Incluye índice
650 #7 - SUBJECT ADDED ENTRY--TOPICAL TERM
Source of heading or term Lemb
Topical term or geographic name as entry element Filosofía
General subdivision Música
-- Historia
942 ## - ADDED ENTRY ELEMENTS (KOHA)
Source of classification or shelving scheme Biblioteca del Cogreso de los Estados Unidos
Koha item type Libro
Holdings
Estado de pérdida Fuente de clasificación Estado del daño No para préstamo Ubicación permanente Ubicación actual Apartado o colección Fecha de adquisición Área del conocimiento Clasificación Código de Barras Date last seen Número de copia Tipo de recurso
  Biblioteca del Cogreso de los Estados Unidos     Biblioteca de la Facultad de Filosofía Biblioteca de la Facultad de Filosofía General 03/08/2015 Educación y Humanidades ML 3797 .6 D35 2003 BFF000012509 03/08/2015 C: 1 Libro